Jerma Rumble Contestants - Statistics

General Stats
  • This quiz has been taken 75 times
    61 since last reset
  • The average score is 46 of 288
Answer Stats
Hint Answer % Correct
Jerma Rumble - Live Action | Jerma Rumble 1 | Jerma Rumble 2 | +5 others Jerma
83%
Jerma Rumble - Live Action | Jerma Rumble 1 | Jerma Rumble 3 | +5 others Glue Man
76%
Jerma Rumble - Live Action | Jerma Rumble 3 The Giant Rat
52%
Jerma Rumble 1 Byeah #284
50%
Jerma Rumble 1 Byeah #36
50%
Jerma Rumble 1 Byeah #419
50%
Jerma Rumble - Live Action Byeah #788
50%
Jerma Rumble - Live Action Byeah #788's Imposter
50%
Jerma Rumble 3 Byeah #846
50%
Jermania 2016 Byeah #882
50%
Jerma Rumble 1 | Jerma Rumble 2 STAR_
50%
Jerma Rumble - Live Action | Jerma Rumble 1 | Jerma Rumble 2 | Jerma Rumble 3 The Egg
45%
Jerma Rumble 1 | Jerma Rumble 2 | Jerma Rumble 3 | +2 others Gabe Newell
40%
Jerma Rumble - Live Action | Jerma Rumble 1 | Jerma Rumble 3 Sonic
40%
Jerma Rumble - Live Action Demon Grandpa
38%
Jerma Rumble 1 | Jerma Rumble 2 | Jerma Rumble 3 Grandpa
36%
Jerma Rumble - Live Action | Jerma Rumble 2 | Jerma Rumble 3 | +2 others Pac-Man
36%
Jerma Rumble 3 | Jermania 2020 - Rumble 1 The Pencil
36%
Jerma Rumble 1 The Spy
36%
Jerma Rumble - Live Action | Jerma Rumble 1 | Jerma Rumble 2 Burgah Boy
33%
Jermania 2020 - Rumble 1 | Jermania 2020 - Rumble 2 Catboy Jerma
33%
Jerma Rumble 2 Mario (Byeah)
33%
Jermania 2018 Otto
33%
Jermania 2018 | Jermania 2020 - Rumble 2 Jex
31%
Jermania 2018 Green Screen
29%
Jerma Rumble 2 Cap'n Crunch
26%
Jermania 2017 Etalyx
26%
Jerma Rumble - Live Action The Christmas Tree
26%
Jerma Rumble 2 The Heavy
26%
Jermania 2018 | Jermania 2020 - Rumble 1 B.F. Bugleberry
24%
Jermania 2020 - Rumble 2 B. F. Bugleberry
24%
Jerma Rumble 1 Obama
24%
Jermemeia - Rumble 2 -2
21%
Jermemeia - Rumble 2 +2
21%
Jerma Rumble 1 | Jerma Rumble 3 Bat Boy
19%
Jermania 2020 - Rumble 1 | Jermania 2020 - Rumble 2 Nancy Drew
19%
Jerma Rumble - Live Action | Jerma Rumble 3 Demon Lord Zeraxos
17%
Jerma Rumble - Live Action Disco Diaper
17%
Jermania 2020 - Rumble 1 | Jermania 2020 - Rumble 2 Mr. Green
17%
Jermania 2017 Twitch Chat
17%
Jermania 2018 | Jermania 2020 - Rumble 1 | Jermania 2020 - Rumble 2 Wall Dad
17%
Jerma Rumble 2 30's Milkman
14%
Jermania 2018 Adam Sandler
14%
Jerma Rumble 1 Benjamin Franklin
14%
Jerma Rumble 1 Boo
14%
Jerma Rumble 2 | Jermania 2018 Elvis
14%
Jermania 2018 Fireman
14%
Jerma Rumble 2 Santa Claus
14%
Jermania 2018 Bean Bag Sonic
12%
Jerma Rumble - Live Action Bottom Half of The Two Person Horse
12%
Jermania 2020 - Rumble 1 | Jermania 2020 - Rumble 2 Cheers To You
12%
Jermemeia - Rumble 2 Jerma JUPITER
12%
Jermania 2016 | Jermania 2017 | Jermemeia - Rumble 2 Jerma MOON
12%
Jermania 2018 Jerma Raptor
12%
Jermemeia - Rumble 2 Jerma SATURN
12%
Jermania 2020 - Rumble 2 Jerma's Drumptruck
12%
Jermania 2020 - Rumble 1 Jerma's Dumptruck
12%
Jermania 2020 - Rumble 1 jermaThing
12%
Jermania 2020 - Rumble 1 Juggles
12%
Jermania 2020 - Rumble 2 Max
12%
Jerma Rumble - Live Action The Apple
12%
Jerma Rumble - Live Action The Two Person Horse
12%
Jermania 2018 Willem Dafoe
12%
Jermania 2016 Air Serpent
10%
Jerma Rumble - Live Action Audience Member
10%
Jerma Rumble - Live Action Carl Griffinsteed
10%
Jerma Rumble 3 Count Chocula
10%
Jermania 2017 Earl Vump
10%
Jermania 2016 Earth Serpent
10%
Jermania 2016 Fire Serpent
10%
Jermania 2020 - Rumble 1 | Jermania 2020 - Rumble 2 Fortnite Jimmy
10%
Jermania 2016 | Jermania 2017 Frogmin
10%
Jerma Rumble - Live Action Jay Buffet
10%
Jermemeia - Rumble 2 Jerma EARTH
10%
Jermemeia - Rumble 2 Jerma MARS
10%
Jermemeia - Rumble 2 Jerma SUN
10%
Jermania 2020 - Rumble 2 Joel
10%
Jermania 2020 - Rumble 1 | Jermania 2020 - Rumble 2 Long Drive Dad
10%
Jerma Rumble 2 Martin Van Buren
10%
Jermania 2016 Moon Serpent
10%
Jermania 2017 Peggy Vump
10%
Jermania 2017 Rodney Vump
10%
Jermania 2018 Sans
10%
Jermania 2016 Sun Serpent
10%
Jermania 2018 Sweetrind
10%
Jerma Rumble - Live Action The Magician
10%
Jermania 2016 | Jermemeia - Rumble 1 Time Serpent
10%
Jerma Rumble 3 Tony the Tiger
10%
Jermania 2016 Water Serpent
10%
Jerma Rumble - Live Action Winston
10%
Jermania 2016 Agent 47
7%
Jermemeia - Rumble 1 | Jermemeia - Rumble 2 Baldcoin
7%
Jermania 2018 Bill Crazy
7%
Jermania 2017 Captain Cheeze-It
7%
Jermania 2017 Charlie Cheese Nips
7%
Jerma Rumble 1 Danny Devito
7%
Jerma Rumble - Live Action | Jerma Rumble 3 Dick Richard
7%
Jermania 2018 | Jermania 2020 - Rumble 2 Dr. Shmoixen
7%
Jermania 2018 Gary the Fuck Up
7%
Jerma Rumble 2 Gordon Freeman
7%
Jermania 2020 - Rumble 1 | Jermania 2020 - Rumble 2 G Red
7%
Jermania 2018 GrillMasterBBQX
7%
Jermania 2016 James Madison
7%
Jermemeia - Rumble 1 Jerma LATE
7%
Jermemeia - Rumble 1 Jerma SHORT
7%
Jermania 2020 - Rumble 1 Jigsaw
7%
Jerma Rumble 2 Ma3la
7%
Jermania 2020 - Rumble 1 | Jermania 2020 - Rumble 2 McDLT Briefcase Guy
7%
Jermemeia - Rumble 1 | Jermemeia - Rumble 2 Mod Kyle
7%
Jerma Rumble 2 Monopoly Guy
7%
Jermania 2018 Pinwheel
7%
Jerma Rumble - Live Action The EMT
7%
Jerma Rumble 3 The Slim Jim Guy
7%
Jermania 2020 - Rumble 1 | Jermania 2020 - Rumble 2 Bean Bag Sonic
5%
Jermania 2020 - Rumble 1 | Jermania 2020 - Rumble 2 Chuck E. Cheese
5%
Jermania 2018 Chuck Shnozwell
5%
Jermania 2016 | Jermania 2017 Dr. Oetker
5%
Jerma Rumble 2 | Jerma Rumble 3 Earthworm Jim
5%
Jermania 2016 | Jermania 2017 Easy Pete
5%
Jerma Rumble 3 Frank Pizza
5%
Jermania 2020 - Rumble 1 Gimli
5%
Jermemeia - Rumble 1 | Jermemeia - Rumble 2 Jerma LIFEISPAIN
5%
Jermania 2020 - Rumble 2 jermaThing
5%
Jermania 2018 MagiStank
5%
Jermania 2020 - Rumble 2 Majima
5%
Jerma Rumble 3 | Jermania 2016 | Jermania 2017 Mr. Sneak Man
5%
Jermania 2017 PSVR
5%
Jermania 2016 | Jermania 2017 Widowmaker
5%
Jermania 2020 - Rumble 1 AndyMark
2%
Jermania 2020 - Rumble 2 Andymark
2%
Jermania 2018 Binary_Man
2%
Jerma Rumble 3 Candyman
2%
Jermemeia - Rumble 1 | Jermemeia - Rumble 2 Censor Bar
2%
Jermania 2020 - Rumble 1 Dr. Smoixan
2%
Jerma Rumble 2 Easter Bunny
2%
Jermemeia - Rumble 1 | Jermemeia - Rumble 2 FREESHIT
2%
Jermania 2017 Garfield
2%
Jermania 2017 James Garfield
2%
Jermania 2020 - Rumble 1 | Jermania 2020 - Rumble 2 Jar of Mayo
2%
Jermemeia - Rumble 2 Jerma SHORT
2%
Jermania 2020 - Rumble 1 jermaWink
2%
Jermemeia - Rumble 1 | Jermemeia - Rumble 2 Loud Pee
2%
Jerma Rumble 1 MLC_St3alth
2%
Jermania 2020 - Rumble 1 | Jermania 2020 - Rumble 2 Murious
2%
Jermemeia - Rumble 1 | Jermemeia - Rumble 2 NEXT
2%
Jermania 2018 Nintendo Labo
2%
Jermania 2016 Orson Wells
2%
Jermemeia - Rumble 1 | Jermemeia - Rumble 2 OWO
2%
Jermania 2020 - Rumble 1 | Jermania 2020 - Rumble 2 Pasta Italiano Chef
2%
Jermania 2016 Paul Bearer
2%
Jermemeia - Rumble 1 | Jermemeia - Rumble 2 Seagull
2%
Jermania 2020 - Rumble 1 | Jermania 2020 - Rumble 2 Seaman
2%
Jerma Rumble 3 Sonny
2%
Jermania 2016 | Jermania 2017 The Analander
2%
Jerma Rumble 1 The Chicken
2%
Jermania 2017 The Hollow Knight
2%
Jermania 2018 The Quiet Man
2%
Jermania 2020 - Rumble 1 | Jermania 2020 - Rumble 2 Travis Touchdown
2%
Jermania 2016 | Jermania 2017 VR Guy
2%
Jermemeia - Rumble 1 | Jermemeia - Rumble 2 126 IQ
0%
Jermemeia - Rumble 2 342
0%
Jermemeia - Rumble 1 | Jermemeia - Rumble 2 Acid Bass
0%
Jermania 2016 | Jermania 2017 Andrew Jackerry Jacked
0%
Jermania 2017 BDDBB
0%
Jermania 2020 - Rumble 2 BIG BANANA
0%
Jermania 2018 Car Valet
0%
Jermemeia - Rumble 1 | Jermemeia - Rumble 2 Coffee, Cheetos, Chicken
0%
Jermemeia - Rumble 1 | Jermemeia - Rumble 2 Comb Streamer
0%
Jermemeia - Rumble 1 | Jermemeia - Rumble 2 Counting
0%
Jerma Rumble 1 Cpt. Humphries
0%
Jermania 2017 Dr. Mosquito
0%
Jermania 2016 | Jermemeia - Rumble 1 Flanker
0%
Jermania 2018 Garret
0%
Jermania 2017 Gorilla Reading A Book
0%
Jermania 2018 Hornet
0%
Jermemeia - Rumble 1 | Jermemeia - Rumble 2 ILABI
0%
Jermemeia - Rumble 1 | Jermemeia - Rumble 2 JermaCraft
0%
Jermemeia - Rumble 2 Jerma LATE
0%
Jermania 2017 John Marston
0%
Jermania 2016 Lorag
0%
Jermania 2018 Lou Elbertson
0%
Jermania 2017 Louie Anderson
0%
Jerma Rumble 3 Miserable Mikey
0%
Jermania 2016 Mystery Man
0%
Jermania 2017 Nvidia Greg
0%
Jermania 2018 Odd Micheal
0%
Jermemeia - Rumble 2 Psychology 101
0%
Jermania 2018 Red Blend
0%
Jermemeia - Rumble 2 Rewind
0%
Jermania 2016 Sluggo
0%
Jermemeia - Rumble 2 Spore
0%
Jermania 2016 The Archmage of Mampang
0%
Jerma Rumble 2 The Coat Hanger
0%
Jerma Rumble 3 The Mime
0%
Jermania 2016 The Snattacat
0%
Jermania 2017 The Syringe Clown
0%
Jermania 2016 Tooth Goblin
0%
Jerma Rumble 3 Turtimos
0%
Jermania 2017 Wirehead
0%
No matching quizzes found
Score Distribution
Percent of People with Each Score
Percentile by Number Answered
Your Score History
You have not taken this quiz since the last reset